| 000 | 00596nam a2200145Ia 4500 | ||
|---|---|---|---|
| 008 | 181022s9999 xx 000 0 und d | ||
| 020 | _a9789719809302 | ||
| 100 | _aDevilles, Gary C. | ||
| 245 |
_cGary C. Devilles, Reagan R. Maiquez, Rolando B. Tolentino.-- _aArt sense : _bsensing the arts in the everyday / |
||
| 260 |
_aQuezon City : _bC & E publishing, Inc. _c2018 |
||
| 300 |
_axxii, 313 pages : _billustrations ; _c22 cm. |
||
| 500 | _aIncludes bibliographical references and index. | ||
| 650 | _aArt -- study and teaching -- Philippines. | ||
| 650 | _aArt appreciation -- study and teaching. | ||
| 999 |
_c359275 _d359275 |
||